| 000 | 00996cam a2200325 i 4500 | ||
|---|---|---|---|
| 001 | 200445325 | ||
| 999 |
_c200445325 _d63537 |
||
| 003 | TR-AnTOB | ||
| 005 | 20240824073710.0 | ||
| 007 | ta | ||
| 008 | 740627s1974 fr 00000 eng u | ||
| 010 | _a75305927 | ||
| 015 | _aF*** | ||
| 020 | _a9264111662 : | ||
| 040 |
_aOUN _beng _erda _cOUN _dCIN _dTR-AnTOB |
||
| 041 | 0 | _aeng | |
| 050 | 0 | 4 |
_aTD196.M38 _bO74 1974 |
| 090 |
_aTD196.M38 _bO74 1974 |
||
| 110 | 2 | 0 |
_aOrganisation for Economic Co-operation and Development _933753 |
| 245 | 1 | 0 |
_aMercury and the environment : _bstudies of mercury use, emission, biological impact and control |
| 264 | 2 |
_aParis : _bOrganisation for Economic Co-operation and Development, _c1974. |
|
| 300 |
_a196 pages ; _c24 cm |
||
| 336 |
_atext _btxt _2rdacontent |
||
| 337 |
_aunmediated _bn _2rdamedia |
||
| 338 |
_avolume _bnc _2rdacarrier |
||
| 504 | _aBIB | ||
| 650 | 0 |
_aMercury _xEnvironmental aspects _9138608 |
|
| 942 |
_2lcc _cBK |
||